Statistics for 5 Largest Cities for Different Peninsulas on Map

Click here to take the quiz!

General Stats

  • This quiz has been taken 160 times
  • The average score is 53 of 80

Answers on the Map

Answers color-coded by a green-red scale on the quiz's map according to % correct below.
Loading ...
 

Answer Stats

PeninulaPopulationCity% Correct
Anatolia5.6 milIstanbul
98%
Balkans10.4 milIstanbul
98%
Deccan25.1 milMumbai
97%
Balkans3.35 milAthens
97%
Arabian8.05 milRiyadh
96%
Iberia2.47 milLisbon
96%
Iberia4.77 milBarcelona
96%
Iberia6.55 milMadrid
96%
Scandinavia1.19 milOslo
96%
Arabian5.35 milDubai
96%
Scandinavia2.22 milStockholm
95%
Arabian4.75 milKuwait City
94%
Korean24.8 milSeoul
94%
Florida6.4 milMiami
94%
Indochina18.8 milBangkok
94%
Italian4.22 milNaples
93%
Balkans1.3 milSofia
93%
Italian3.57 milRome
93%
Indochina3.8 milHanoi
93%
Horn of Africa3.8 milAddis Ababa
93%
Anatolia5.05 milAnkara
93%
Malay8.9 milKuala Lumpur
92%
Indochina8.6 milHo Chi Minh City
92%
Iberia1.54 milPorto
91%
Korean2.95 milPyongyang
91%
Balkans688kZagreb
89%
Horn of Africa1.94 milMogadishu
89%
Arabian2.80 milSana'a
89%
Horn of Africa603kDjibouti
89%
Arabian4.95 milJeddah
88%
Deccan12.2 milBengaluru
88%
Deccan11.3 milChennai
88%
Anatolia3.02 milIzmir
86%
Balkans806kThessaloniki
86%
Iberia1.84 milValencia
86%
Lower Michigan670kDetroit
86%
Indochina2.07 milPhnom Penh
85%
Scandinavia344kMalmo
84%
Scandinavia579kGothenburg
84%
Florida4.37 milTampa
84%
Scandinavia283kBergen
83%
Florida1.45 milJacksonville
83%
Florida3.45 milOrlando
82%
Korean4.12 milBusan
81%
Italian1.01 milFlorence
81%
Deccan10.2 milHyderabad
80%
Italian322kBari
76%
Horn of Africa896kAsmara
75%
Yucatan827kCancun
69%
Deccan6.9 milPune
62%
Brittany140kBrest
58%
Lower Michigan118kLansing
58%
Anatolia2.07 milBursa
51%
Malay2.12 milGeorge Town
45%
Brittany216kRennes
44%
Korean2.75 milDaegu
44%
Yucatan872kMerida
44%
Lower Michigan201kGrand Rapids
44%
Baja California109kSan Jose del Cabo
42%
Baja California162kCabo San Lucas
42%
Italian195kTaranto
39%
Lower Michigan119kAnn Arbor
39%
Anatolia1.74 milAdana
36%
Malay1.01 milJohor Bahru
32%
Horn of Africa741kHargeisa
30%
Brittany62kQuimper
28%
Baja California266kLa Paz
21%
Florida1.2 milMelbourne
21%
Korean1.54 milDaejeon
19%
Malay395kMelaka
19%
Brittany57kLorient
18%
Lower Michigan132kSterling Heights
15%
Brittany53kVannes
13%
Malay608kIpoh
13%
Yucatan253kCampeche
12%
Baja California301kEnsenada
10%
Indochina1.35 milChonburi
9%
Yucatan221kPlaya del Carmen
9%
Yucatan190kChetumal
8%
Baja California48kCiudad Constitucion
7%

Score Distribution

Percentile by Number Answered

Percent of People with Each Score

Your Score History

You have not taken this quiz